Thống kê ứng dụng trong nghiên cứu khoa học giáo dục
Cung cấp một số kiến thức về thống kê mô tả và ứng dụng của nó trong nghiên cứu khoa học, giáo dục như: các khái niệm, bảng biểu, kiểm nghiệm giả thuyết, biến định lượng...
Сохранить в:
| Главный автор: | |
|---|---|
| Формат: | |
| Язык: | Vietnamese |
| Опубликовано: |
H.
Khoa học xã hội
2005
|
| Редактирование: | Tái bản có sửa chữa, bổ sung |
| Предметы: | |
| Метки: |
Добавить метку
Нет меток, Требуется 1-ая метка записи!
|
| Thư viện lưu trữ: | Mạng thư viện Đại học Đà Nẵng |
|---|
| LEADER | 01573nam a2200397 4500 | ||
|---|---|---|---|
| 001 | 000006358 | ||
| 003 | 2513 | ||
| 005 | 20120524090534.0 | ||
| 008 | 110908s2005 viesd | ||
| 020 | |c 45000đ | ||
| 041 | 0 | |a vie | |
| 082 | |a 370.7 |b DƯ-T | ||
| 100 | 0 | |a Dương Thiệu Tống | |
| 245 | 0 | |a Thống kê ứng dụng trong nghiên cứu khoa học giáo dục |c Dương Thiệu Tống | |
| 250 | |a Tái bản có sửa chữa, bổ sung | ||
| 260 | |a H. |b Khoa học xã hội |c 2005 | ||
| 300 | |a 424 tr |c 21 cm | ||
| 504 | |a Phụ lục: tr. 395-422. - Thư mục: tr. 423-424 | ||
| 520 | |a Cung cấp một số kiến thức về thống kê mô tả và ứng dụng của nó trong nghiên cứu khoa học, giáo dục như: các khái niệm, bảng biểu, kiểm nghiệm giả thuyết, biến định lượng... | ||
| 653 | |a Ứng dụng | ||
| 653 | |a Nghiên cứu khoa học | ||
| 653 | |a Thống kê toán học | ||
| 653 | |a Giáo dục | ||
| 653 | |a Thống kê mô tả | ||
| 700 | |a Dương Thiệu Tống |e Tác giả | ||
| 910 | |a Nguyễn Thị Kim Oanh |d 08/09/2011 | ||
| OWN | |a LSP | ||
| AVA | |a UDN50 |b LSP |d 370.7 DƯ-T |e available |t Error 5001 Not defined in file expand_doc_bib_avail. |f 7 |g 0 |h N |i 1 |k 1 | ||
| 999 | |a From the UDN01 | ||
| AVA | |a UDN50 |b LSP |d 370.7 DƯ-T |e available |t Error 5001 Not defined in file expand_doc_bib_avail. |f 7 |g 0 |h N |i 1 |k 1 | ||
| TYP | |a Monograph | ||
| TYP | |a Printed language | ||
| 980 | |a Mạng thư viện Đại học Đà Nẵng | ||